000 00417nam a2200145Ia 4500
008 090124s9999 xx 000 0 und d
082 _b205724
245 _a रोशनी और अंधेरा
250 _a1
260 _bशकुन सत्य
_c1999
300 _a150
630 _a रोशनी और अंधेरा
730 _a रोशनी और अंधेरा
942 _cBOOK
999 _c187308
_d187308